Mesopotamian pottery : a guide to the Babylonian tradition in the Second Millennium BC /

محفوظ في:

المؤلفون الرئيسيون: Armstrong, James A., Gasche, H. (مؤلف), Cole, Steven William, 1954- (مؤلف), As, Abraham van, 1946- (مؤلف), Jacobs, Loe 1955- (مؤلف)

التنسيق: كتاب

اللغة: English

منشور في: Chicago, IL : Oriental Institute, 2014.

الطبعة: 1st edition.

سلاسل: Memoirs ; 6.

الموضوعات:

الوسوم: إضافة وسم

لا توجد وسوم, كن أول من يضع وسما على هذه التسجيلة!

رقم الطلب: ( F )NK3820 .A76 2014

LEADER 01176nam a22003495i 4500
001 18100059
003 OSt
005 20240222080646.0
008 140402s2014 ilu b 000 0 eng
999 |c 57054  |d 57054 
010 |a  2014937351 
020 |a 9781614910183 (alk. paper) 
040 |c ARCE Library 
042 |a pcc 
050 4 |a ( F )NK3820 .A76 2014 
100 1 |a Armstrong, James A. 
245 1 0 |a Mesopotamian pottery :   |b a guide to the Babylonian tradition in the Second Millennium BC /   |c James A. Armstrong, Hermann Gasche. 
250 |a 1st edition. 
263 |a 1409 
264 1 |a Chicago, IL :  |b Oriental Institute,  |c 2014. 
300 |a xix, 102 pages, 136 plates :   |b illustrations, tables ;   |c 35 cm. 
490 0 |a Memoirs ;  |v 6. 
504 |a Includes bibliographical references. 
650 0 |a Pottery, Assyro-Babylonian. 
650 0 |a Pottery dating   |z Iraq. 
651 0 |a Iraq   |x Antiquities. 
700 1 |a Gasche, H.   |q (Hermann),   |e author 
700 1 |a Cole, Steven William,   |d 1954-   |e author 
700 1 |a As, Abraham van,   |d 1946-   |e author 
700 1 |a Jacobs, Loe   |q (Leonardus F. H. C.),   |d 1955-   |e author 
901 |a reviewed 
942 |2 lcc  |c BK